Textos legales sobre gestión de personas y empleo público en Chile

Saved in:
Bibliografiske detaljer
Hovedforfatter: Rajevic Mosler, Enrique (Author)
Format: Bog
Sprog:spansk
Udgivet: Santiago Dirección Nacional del Servicio Civil 2017
Udgivelse:1a. ed
Fag:
Tags: Tilføj Tag
Ingen Tags, Vær først til at tagge denne postø!

MARC

LEADER 00000cam a2200000 a 4500
001 UCC2793
003 CL-VaPUC
008 180323e20170000cl |||||||||||||||||spa|d
082 0 4 |a 342.068  |b RAJ  |2 21 
100 0 |a Rajevic Mosler, Enrique  |e author  |9 596814 
245 1 0 |a Textos legales sobre gestión de personas y empleo público en Chile 
250 |a 1a. ed 
300 |a 464 p 
942 |c BK 
945 |d 20180323 15:33:00  |a dcastane 
260 |a Santiago  |b Dirección Nacional del Servicio Civil  |c 2017 
650 7 |a EMPLEADOS PUBLICOS  |2 CL-VaPUC  |9 256133 
650 7 |a ESTATUTO ADMINISTRATIVO  |2 CL-VaPUC  |9 255948 
650 0 |a Administración pública   |9 255343 
583 |a last modification  |c 20180323 15:33:00  |k Rodrigo Vera 
999 |c 370746  |d 370744 
952 |0 0  |1 0  |3 erb  |4 0  |6 342_068000000000000_RAJ_2017  |7 0  |8 A  |9 487355  |a BIBDER  |b BIBDER  |i 5459222  |o 342.068 RAJ 2017  |p 5459222  |r 2023-01-25  |w 2019-11-24  |y BK  |z Catalogado en:20180323  |k DER